Vous avez dit judiciarisation... ? (notice n° 1665638)

détails MARC
000 -LEADER
fixed length control field 02177cam a2200181 4500500
005 - DATE AND TIME OF LATEST TRANSACTION
control field 20260222002712.0
041 ## - LANGUAGE CODE
Language code of text/sound track or separate title fre
042 ## - AUTHENTICATION CODE
Authentication code dc
100 10 - MAIN ENTRY--PERSONAL NAME
Personal name Tachon, Jean-Paul
Relator term author
245 00 - TITLE STATEMENT
Title Vous avez dit judiciarisation... ?
260 ## - PUBLICATION, DISTRIBUTION, ETC.
Date of publication, distribution, etc. 2015.<br/>
500 ## - GENERAL NOTE
General note 42
520 ## - SUMMARY, ETC.
Summary, etc. Cet article présente l’équipe de détection et d’intervention précoce, e-DIP, implantée à Limoges et couvrant le territoire de la Haute-Vienne. Cette équipe ambulatoire mobile vise à accompagner de façon régulière et intensive les jeunes âgés de 16 à 25 ans présentant des symptômes psychotiques émergents, afin de limiter la transition vers un trouble psychiatrique chronique. L’évaluation de l’émergence psychotique, puis l’accompagnement basé entre autres sur le case management, seront présentés de façon détaillée dans cet article.
520 ## - SUMMARY, ETC.
Summary, etc. This article introduces the Early Detection and Intervention team (e-DIP), based in Limoges and covering the Haute-Vienne region of France. This mobile outpatient team provides regular and intensive support to young people aged 16 to 25 who are experiencing emerging psychotic symptoms, with the aim of preventing these symptoms from developing into a chronic psychiatric disorder. The article offers a detailed description of the assessment of emerging psychosis and the subsequent case management approach.
520 ## - SUMMARY, ETC.
Summary, etc. Este artículo presenta al equipo de Detección e Intervención Temprana, e-DIP, con sede en Limoges y que cubre el territorio de Haute-Vienne. Este equipo ambulatorio móvil tiene como objetivo acompañar de forma regular e intensiva a jóvenes de entre 16 y 25 años que presentan síntomas psicóticos emergentes, con el fin de limitar la transición hacia un trastorno psiquiátrico crónico. En este artículo se presenta de forma detallada la evaluación de la aparición psicótica y el acompañamiento basado, entre otras cosas, en la gestión de casos.
786 0# - DATA SOURCE ENTRY
Note L'information psychiatrique | Volume 91 | 6 | 2015-07-10 | p. 445-446 | 0020-0204
856 41 - ELECTRONIC LOCATION AND ACCESS
Uniform Resource Identifier <a href="https://stm.cairn.info/revue-l-information-psychiatrique-2015-6-page-445?lang=fr&redirect-ssocas=7080">https://stm.cairn.info/revue-l-information-psychiatrique-2015-6-page-445?lang=fr&redirect-ssocas=7080</a>

Pas d'exemplaire disponible.

PLUDOC

PLUDOC est la plateforme unique et centralisée de gestion des bibliothèques physiques et numériques de Guinée administré par le CEDUST. Elle est la plus grande base de données de ressources documentaires pour les Étudiants, Enseignants chercheurs et Chercheurs de Guinée.

Adresse

627 919 101/664 919 101

25 boulevard du commerce
Kaloum, Conakry, Guinée

Réseaux sociaux

Powered by Netsen Group @ 2025